[Event "Merida World Heritage op 3rd"]
[Site "Merida"]
[Date "2023.08.04"]
[Round "7"]
[White "Quevedo Marin, Manuel"]
[Black "Palomo Monserrat, Lorenzo"]
[Result "0-1"]
[WhiteElo "2191"]
[BlackElo "1761"]
[PlyCount "106"]
[EventDate "2023.07.31"]
[EventType "swiss"]
[EventRounds "9"]
[EventCountry "ESP"]
[SourceTitle "CBM 215 Extra"]
[Source "ChessBase"]
[SourceDate "2023.09.30"]
[SourceVersion "1"]
[SourceVersionDate "2023.09.30"]
[SourceQuality "1"]

1. d4 d5 2. c4 dxc4 3. e4 e5 4. Nf3 exd4 5. Bxc4 Bb4+ 6. Bd2 Bxd2+ 7. Nbxd2 Nc6 8. 0-0 Nf6 9. Nb3 0-0 10. Re1 Re8 11. e5 Ng4 12. e6 Bxe6 13. Bxe6 Rxe6 14. Rxe6 fxe6 15. h3 Nf6 16. Nbxd4 Nxd4 17. Nxd4 Qd5 18. Qa4 a6 19. Nf3 Rd8 20. Re1 c5 21. a3 c4 22. Ne5 Qd2 23. Nf3 Qd5 24. Ne5 Rc8 25. Nf3 Ne4 26. Rd1 Nc5 27. Qc2 Qe4 28. Qd2 Rf8 29. Qd6 Nd3 30. Qe7 Nf4 31. Rd8 Ng6 32. Qd6 Rxd8 33. Qxd8+ Nf8 34. Qd2 Qd5 35. Qe3 Nd7 36. Ng5 e5 37. Qa7 h6 38. Qa8+ Nf8 39. Nh7 Kxh7 40. Qxf8 Qe4 41. g3 b5 42. Qb4 Qd4 43. Kg2 e4 44. Qe7 e3 45. fxe3 Qxb2+ 46. Kg1 Qb1+ 47. Kg2 Qd3 48. Qe5 c3 49. e4 Qe2+ 50. Kg1 Qf3 51. Qc7 Qd1+ 52. Kf2 c2 53. Qc8 c1Q 0-1

[Event "Merida World Heritage op 3rd"]
[Site "Merida"]
[Date "2023.08.03"]
[Round "6"]
[White "Jaramago Ledo, Javier"]
[Black "Quevedo Marin, Manuel"]
[Result "1/2-1/2"]
[WhiteElo "2119"]
[BlackElo "2191"]
[PlyCount "68"]
[EventDate "2023.07.31"]
[EventType "swiss"]
[EventRounds "9"]
[EventCountry "ESP"]
[SourceTitle "CBM 215 Extra"]
[Source "ChessBase"]
[SourceDate "2023.09.30"]
[SourceVersion "1"]
[SourceVersionDate "2023.09.30"]
[SourceQuality "1"]

1. e4 c5 2. Nf3 Nc6 3. d4 cxd4 4. Nxd4 e5 5. Nb5 d6 6. c4 Be6 7. Bd3 Rc8 8. 0-0 g6 9. N1c3 a6 10. Na3 Bg7 11. b3 Nf6 12. Bb2 0-0 13. Nc2 Nh5 14. Nd5 Ne7 15. Be2 Bxd5 16. exd5 Nf4 17. g3 Nxe2+ 18. Qxe2 b5 19. Ne3 bxc4 20. Nxc4 Nf5 21. Rad1 h5 22. f4 Nd4 23. Bxd4 exd4 24. f5 Qf6 25. fxg6 Qxg6 26. Qd3 Rc5 27. Qf5 a5 28. Rd3 a4 29. Rdf3 axb3 30. axb3 Rb5 31. Kh1 Rc5 32. Nd2 Re8 33. Nc4 Rf8 34. Nb6 Rc7 1/2-1/2

[Event "Madrid-chT Honor 2223"]
[Site "Madrid"]
[Date "2023.02.12"]
[Round "9.4"]
[White "Lang, Zalan Andreas"]
[Black "Quevedo Marin, Manuel"]
[Result "1/2-1/2"]
[WhiteElo "2218"]
[BlackElo "2168"]
[PlyCount "62"]
[EventDate "2022.11.20"]
[EventType "team-tourn"]
[EventRounds "14"]
[EventCountry "ESP"]
[SourceTitle "EXT 2024"]
[Source "ChessBase"]
[SourceDate "2023.10.10"]
[SourceVersion "1"]
[SourceVersionDate "2023.10.10"]
[SourceQuality "1"]
[WhiteTeam "Blanco y Negro"]
[BlackTeam "San Sebastian de los Reyes"]
[WhiteTeamCountry "ESP"]
[BlackTeamCountry "ESP"]

1. d4 Nf6 2. c4 e6 3. Nf3 d5 4. Nc3 Be7 5. Bg5 h6 6. Bh4 Ne4 7. Bxe7 Qxe7 8. Qc2 Nxc3 9. Qxc3 0-0 10. g3 Nc6 11. Bg2 dxc4 12. 0-0 Rb8 13. Qxc4 e5 14. d5 Nd8 15. e4 c5 16. Qc3 Re8 17. Nd2 b6 18. f4 Ba6 19. Rf2 Nb7 20. Bf1 Bxf1 21. Raxf1 Nd6 22. f5 f6 23. Qd3 b5 24. b3 Rec8 25. Rc1 Qd8 26. Qe3 Qb6 27. a4 c4 28. Qxb6 Rxb6 29. Rf3 a6 30. a5 Rb7 31. b4 Rbc7 1/2-1/2

[Event "Madrid-chT Honor 2122"]
[Site "Madrid"]
[Date "2022.01.30"]
[Round "7.3"]
[White "Mkrtchyan, Levon"]
[Black "Quevedo Marin, Manuel"]
[Result "1/2-1/2"]
[WhiteElo "2284"]
[BlackElo "2198"]
[PlyCount "86"]
[EventDate "2021.11.27"]
[EventType "team-tourn"]
[EventRounds "14"]
[EventCountry "ESP"]
[SourceTitle "EXT 2024"]
[Source "ChessBase"]
[SourceDate "2023.10.10"]
[SourceVersion "1"]
[SourceVersionDate "2023.10.10"]
[SourceQuality "1"]
[WhiteTeam "Tajamar"]
[BlackTeam "San Sebastian de los Reyes"]
[WhiteTeamCountry "ESP"]
[BlackTeamCountry "ESP"]

1. e4 c5 2. Nf3 Nc6 3. d4 cxd4 4. Nxd4 g6 5. Be3 Nf6 6. Nc3 Bg7 7. Bc4 Qa5 8. 0-0 0-0 9. Bb3 d6 10. f3 Bd7 11. Qd2 Rfc8 12. Nxc6 bxc6 13. Rad1 Rab8 14. Ne2 Qxd2 15. Rxd2 c5 16. c3 Bb5 17. c4 Ba6 18. Nf4 Nd7 19. Nd5 Kf8 20. Bg5 f6 21. Bf4 Nb6 22. Rc1 Nxd5 23. exd5 f5 24. Re2 Bf6 25. Bd2 Rc7 26. Bc3 Bxc3 27. Rxc3 Rb4 28. f4 Bc8 29. a3 Rb6 30. Ba4 Bd7 31. Bxd7 Rxd7 32. b3 Ra6 33. a4 Rb6 34. Kf2 a5 35. Ke1 Rdb7 36. Ree3 Kg7 37. Kd2 Ra6 38. Re6 Ra8 39. Rce3 Kf7 40. Kc2 Rg8 41. Rh3 Kg7 42. Rhe3 Kf7 43. Rh3 Kg7 1/2-1/2

[Event "Madrid-chT Honor 2122"]
[Site "Madrid"]
[Date "2022.01.09"]
[Round "4.2"]
[White "De la Puerta Cresis, Javier"]
[Black "Quevedo Marin, Manuel"]
[Result "1/2-1/2"]
[WhiteElo "2139"]
[BlackElo "2198"]
[PlyCount "65"]
[EventDate "2021.11.27"]
[EventType "team-tourn"]
[EventRounds "14"]
[EventCountry "ESP"]
[SourceTitle "EXT 2024"]
[Source "ChessBase"]
[SourceDate "2023.10.10"]
[SourceVersion "1"]
[SourceVersionDate "2023.10.10"]
[SourceQuality "1"]
[WhiteTeam "La Didactica"]
[BlackTeam "San Sebastian de los Reyes"]
[WhiteTeamCountry "ESP"]
[BlackTeamCountry "ESP"]

1. d4 d5 2. c4 e6 3. Nc3 Nf6 4. cxd5 exd5 5. Bg5 Be7 6. e3 h6 7. Bh4 c6 8. Qc2 0-0 9. Bd3 Nbd7 10. Nge2 Ne8 11. Bg3 Nd6 12. 0-0 Nf6 13. f3 Be6 14. Rae1 Nh5 15. Be5 Nc4 16. Bxc4 dxc4 17. e4 f6 18. Bg3 Nxg3 19. hxg3 f5 20. Nf4 Qxd4+ 21. Kh2 Qf6 22. Nxe6 Qxe6 23. exf5 Qf7 24. g4 Bd6+ 25. g3 Rae8 26. Ne4 Bb4 27. Rd1 Rd8 28. Qc1 Be7 29. Kg2 Rd3 30. Nf2 Rdd8 31. Ne4 Rd3 32. Nf2 Rdd8 33. Ne4 1/2-1/2

[Event "San Sebastian Constitucion op"]
[Site "San Sebastian de los Reyes"]
[Date "2021.12.08"]
[Round "5"]
[White "Hernandez Ramos, David"]
[Black "Quevedo Marin, Manuel"]
[Result "1/2-1/2"]
[WhiteElo "2090"]
[BlackElo "2195"]
[PlyCount "97"]
[EventDate "2021.12.04"]
[EventType "swiss"]
[EventRounds "8"]
[EventCountry "ESP"]
[SourceTitle "CBM 206 Extra"]
[Source "ChessBase"]
[SourceDate "2022.03.31"]
[SourceVersion "1"]
[SourceVersionDate "2022.03.31"]
[SourceQuality "1"]

1. d4 Nf6 2. c4 e6 3. Nc3 Bb4 4. e3 0-0 5. Nge2 d5 6. a3 Be7 7. g3 dxc4 8. Bg2 Nbd7 9. 0-0 Nb6 10. Qc2 c6 11. Rd1 Nbd5 12. e4 Nxc3 13. Nxc3 Qa5 14. Qe2 b5 15. Bd2 Qd8 16. Bg5 Nxe4 17. Bxe4 Bxg5 18. Bxc6 Rb8 19. Bxb5 Qb6 20. Rab1 Bf6 21. Bxc4 Bxd4 22. Na4 Qd8 23. Nc5 e5 24. b4 Qg5 25. Ne4 Qg6 26. Kg2 Kh8 27. f3 f5 28. Nd2 e4 29. Bd5 Bb6 30. fxe4 fxe4 31. Bxe4 Bb7 32. Rf1 Rfe8 33. Rbe1 Rbd8 34. Bxb7 Rxe2+ 35. Rxe2 Qd3 36. Rfe1 g6 37. Nf3 Qxa3 38. Ng5 Qc3 39. Nf7+ Kg7 40. Nxd8 Bxd8 41. b5 Bb6 42. Re7+ Kh6 43. Kh3 Bc5 44. R7e6 Qd3 45. Bc6 Qf5+ 46. Kg2 Qc2+ 47. Kh3 Qf5+ 48. Kg2 Qc2+ 49. Kh3 1/2-1/2

[Event "San Sebastian Constitucion op"]
[Site "San Sebastian de los Reyes"]
[Date "2021.12.07"]
[Round "4"]
[White "Martinez Fernandez, Raul"]
[Black "Quevedo Marin, Manuel"]
[Result "1-0"]
[WhiteElo "2203"]
[BlackElo "2195"]
[PlyCount "95"]
[EventDate "2021.12.04"]
[EventType "swiss"]
[EventRounds "8"]
[EventCountry "ESP"]
[SourceTitle "CBM 206 Extra"]
[Source "ChessBase"]
[SourceDate "2022.03.31"]
[SourceVersion "1"]
[SourceVersionDate "2022.03.31"]
[SourceQuality "1"]

1. e4 c5 2. Nf3 d6 3. Bb5+ Bd7 4. Bxd7+ Qxd7 5. c4 Nc6 6. Nc3 Nf6 7. d4 cxd4 8. Nxd4 g6 9. b3 Bg7 10. Bb2 Qg4 11. Qxg4 Nxg4 12. Nc2 0-0 13. Ke2 Nf6 14. f3 Nd7 15. g4 Rac8 16. Na4 Bxb2 17. Nxb2 a6 18. Rhd1 f5 19. exf5 gxf5 20. g5 b5 21. Ne3 f4 22. Ng4 Nce5 23. Nxe5 Nxe5 24. Rac1 Rf5 25. cxb5 Rxc1 26. Rxc1 axb5 27. Rg1 Nc6 28. Nd3 Nd4+ 29. Kf2 Ne6 30. h4 Nc5 31. Nxc5 Rxc5 32. Re1 e5 33. a4 bxa4 34. bxa4 Kf7 35. Rb1 Rc2+ 36. Kg1 Ra2 37. Rb6 Ke6 38. Rb7 Rxa4 39. Rxh7 e4 40. fxe4 Rxe4 41. g6 Re3 42. h5 Rg3+ 43. Kf2 Kf6 44. Rh8 Kg7 45. Ra8 Rh3 46. Ra7+ Kf6 47. g7 Rg3 48. h6 1-0

[Event "Madrid-ch sf"]
[Site "Madrid"]
[Date "2021.05.12"]
[Round "8"]
[White "Vukotic Jovsic, Dragan"]
[Black "Quevedo Marin, Manuel"]
[Result "0-1"]
[WhiteElo "1859"]
[BlackElo "2201"]
[PlyCount "104"]
[EventDate "2021.05.05"]
[EventType "swiss"]
[EventRounds "9"]
[EventCountry "ESP"]
[SourceTitle "EXT 2022"]
[Source "ChessBase"]
[SourceDate "2021.10.06"]
[SourceVersion "1"]
[SourceVersionDate "2021.10.06"]
[SourceQuality "1"]

1. d4 Nf6 2. Nf3 d5 3. Bf4 e6 4. e3 Bd6 5. Bg3 0-0 6. Bd3 c5 7. c3 Qc7 8. Ne5 Nbd7 9. f4 c4 10. Bc2 b5 11. a3 Bb7 12. Nd2 a5 13. 0-0 b4 14. Nxd7 Qxd7 15. Bh4 Ne4 16. Bxe4 dxe4 17. Nxc4 bxc3 18. bxc3 Ba6 19. Nxd6 Bxf1 20. Nxe4 Qc6 21. Nf6+ Kh8 22. Kxf1 Qxc3 23. Bg5 Qxe3 24. Qh5 Qd3+ 25. Qe2 Qxe2+ 26. Kxe2 gxf6 27. Bxf6+ Kg8 28. Rd1 Rab8 29. d5 exd5 30. Rxd5 Rfe8+ 31. Kf2 a4 32. Rg5+ Kf8 33. Rh5 Rb6 34. Bd4 Rc6 35. Rxh7 Re4 36. Rh8+ Ke7 37. Be5 Rc2+ 38. Kf3 Rce2 39. Rh5 R4e3+ 40. Kg4 Rxg2+ 41. Kf5 Rg6 42. Rh8 Rxa3 43. h4 Rh3 44. h5 Ra6 45. Kg4 Rh1 46. Rb8 a3 47. Rb7+ Ke6 48. Bc3 f5+ 49. Kg5 Rg1+ 50. Kh6 a2 51. Kh7 a1Q 52. Bxa1 Raxa1 0-1

[Event "Madrid-ch sf"]
[Site "Madrid"]
[Date "2021.05.11"]
[Round "7"]
[White "Quevedo Marin, Manuel"]
[Black "Centeno Mendoza, Julio Stefano"]
[Result "1-0"]
[WhiteElo "2201"]
[BlackElo "2012"]
[PlyCount "95"]
[EventDate "2021.05.05"]
[EventType "swiss"]
[EventRounds "9"]
[EventCountry "ESP"]
[SourceTitle "EXT 2022"]
[Source "ChessBase"]
[SourceDate "2021.10.06"]
[SourceVersion "1"]
[SourceVersionDate "2021.10.06"]
[SourceQuality "1"]

1. Nf3 d5 2. c4 e6 3. g3 Nf6 4. Bg2 Be7 5. d4 0-0 6. 0-0 dxc4 7. Qc2 a6 8. Qxc4 b5 9. Qc2 Bb7 10. Bd2 Be4 11. Qc1 Nbd7 12. Ba5 Rc8 13. Nbd2 Bb7 14. Qc2 Qe8 15. b4 Bd6 16. Nh4 Nd5 17. a3 e5 18. Qb3 c6 19. Ne4 Be7 20. Nf5 exd4 21. Ned6 Bxd6 22. Nxd6 Qxe2 23. Rfe1 Qh5 24. Nxb7 N7f6 25. Qf3 Qg6 26. Nd6 Rb8 27. Nf5 Rbe8 28. Nxd4 Rxe1+ 29. Rxe1 Re8 30. Rxe8+ Nxe8 31. Qe4 Nd6 32. Qxg6 hxg6 33. Nxc6 Nc3 34. Nb8 Nc4 35. Nxa6 Nxa3 36. Bb6 Nc4 37. Bc5 Nd2 38. Nc7 Nb3 39. Nd5 Ne2+ 40. Kf1 Nec1 41. Ne7+ Kh8 42. Bd5 f6 43. Nxg6+ Kh7 44. Nf8+ Kh6 45. Be3+ g5 46. h4 Kh5 47. hxg5 fxg5 48. Ne6 1-0

[Event "Madrid-ch sf"]
[Site "Madrid"]
[Date "2021.05.10"]
[Round "6"]
[White "Quevedo Marin, Manuel"]
[Black "Garcia Fernandez, Jesus"]
[Result "1/2-1/2"]
[WhiteElo "2201"]
[BlackElo "1803"]
[PlyCount "146"]
[EventDate "2021.05.05"]
[EventType "swiss"]
[EventRounds "9"]
[EventCountry "ESP"]
[SourceTitle "EXT 2022"]
[Source "ChessBase"]
[SourceDate "2021.10.06"]
[SourceVersion "1"]
[SourceVersionDate "2021.10.06"]
[SourceQuality "1"]

1. d4 d5 2. c4 c6 3. Nf3 Nf6 4. Nc3 dxc4 5. a4 Bf5 6. Ne5 e6 7. Nxc4 Nbd7 8. g3 Bb4 9. Bg2 0-0 10. 0-0 a5 11. Re1 Bg6 12. Bf4 Nb6 13. Ne5 Qe7 14. Qb3 Rfd8 15. Rad1 Nfd7 16. Nxg6 hxg6 17. e4 e5 18. Be3 exd4 19. Bxd4 Bc5 20. e5 Nf8 21. Bxc5 Qxc5 22. Bh3 Qb4 23. Qc2 Rxd1 24. Rxd1 Re8 25. Re1 Nc4 26. e6 fxe6 27. Re2 Nd6 28. Qd3 Nf5 29. Rd2 Rb8 30. Re2 Re8 31. Rd2 Rb8 32. Bg2 Re8 33. Be4 Re7 34. Qd8 Rf7 35. Kg2 Qe7 36. Qxa5 Qg5 37. Qd8 Qxd8 38. Rxd8 Rd7 39. Rb8 Kf7 40. a5 Nd6 41. a6 bxa6 42. Bxc6 Rc7 43. Bf3 Nd7 44. Ra8 Nc5 45. Rb8 Nc4 46. Ne4 Nxe4 47. Bxe4 Ra7 48. Bd3 Ne5 49. Be2 a5 50. f4 Nd7 51. Rb3 Ke7 52. Re3 Kf6 53. Bg4 Nf8 54. Bd1 Nd7 55. Ba4 Ke7 56. Bc2 Kf6 57. g4 Kf7 58. Bb3 Nf8 59. Kg3 Kf6 60. h4 Ra8 61. Ba4 Ra7 62. Re5 Rb7 63. b3 Ra7 64. Kf3 Nd7 65. Bxd7 Rxd7 66. Ke4 Rb7 67. Rxa5 Rxb3 68. h5 Rb4+ 69. Kf3 gxh5 70. Rxh5 Rb3+ 71. Kg2 Rb4 72. Kg3 Rb3+ 73. Kg2 Rb4 1/2-1/2

[Event "Madrid-chT 2021"]
[Site "Madrid"]
[Date "2021.05.09"]
[Round "10.4"]
[White "Alarcia Astiz, Carlos"]
[Black "Quevedo Marin, Manuel"]
[Result "1-0"]
[WhiteElo "2306"]
[BlackElo "2201"]
[PlyCount "71"]
[EventDate "2021.01.23"]
[EventType "team-tourn"]
[EventRounds "14"]
[EventCountry "ESP"]
[SourceTitle "EXT 2022"]
[Source "ChessBase"]
[SourceDate "2021.10.06"]
[SourceVersion "1"]
[SourceVersionDate "2021.10.06"]
[SourceQuality "1"]
[WhiteTeam "Blanco y Negro"]
[BlackTeam "San Sebastian de los Reyes"]
[WhiteTeamCountry "ESP"]
[BlackTeamCountry "ESP"]

1. e4 e5 2. Nf3 Nc6 3. Bc4 Nf6 4. d3 Be7 5. 0-0 0-0 6. Re1 d6 7. c3 Kh8 8. Bb3 Ng8 9. d4 f5 10. d5 Na5 11. Bc2 f4 12. Nfd2 b6 13. Ba4 g5 14. b4 Nb7 15. Bc6 Rb8 16. Qa4 a5 17. Na3 g4 18. Nb5 g3 19. hxg3 fxg3 20. fxg3 Bg4 21. Nf1 Nf6 22. Rb1 Nh5 23. Be3 Bg5 24. Qc2 Rxf1+ 25. Kxf1 Nxg3+ 26. Kg1 Bf4 27. Bxf4 exf4 28. Qf2 Qh4 29. Qxf4 Kg8 30. Bd7 h5 31. Be6+ Kg7 32. Re3 Ne2+ 33. Rxe2 Rf8 34. Bf5 Qe7 35. Rf2 Nd8 36. Nd4 1-0

[Event "Madrid-chT 2021"]
[Site "Madrid"]
[Date "2021.04.11"]
[Round "7.2"]
[White "Quevedo Marin, Manuel"]
[Black "Martin Duque, Jesus"]
[Result "0-1"]
[WhiteElo "2199"]
[BlackElo "2439"]
[PlyCount "98"]
[EventDate "2021.01.23"]
[EventType "team-tourn"]
[EventRounds "14"]
[EventCountry "ESP"]
[SourceTitle "EXT 2022"]
[Source "ChessBase"]
[SourceDate "2021.10.06"]
[SourceVersion "1"]
[SourceVersionDate "2021.10.06"]
[SourceQuality "1"]
[WhiteTeam "San Sebastian de los Reyes"]
[BlackTeam "Collado Villalba"]
[WhiteTeamCountry "ESP"]
[BlackTeamCountry "ESP"]

1. e4 c5 2. Nf3 e6 3. c3 Nf6 4. e5 Nd5 5. Bc4 d6 6. d4 cxd4 7. cxd4 Be7 8. 0-0 0-0 9. Qe2 b6 10. Nc3 Nxc3 11. bxc3 Bb7 12. Bd2 Nd7 13. exd6 Bxd6 14. Bd3 Qc7 15. Rfe1 Rfe8 16. Ne5 Nxe5 17. dxe5 Bc5 18. Rad1 Rad8 19. Bb5 Bc6 20. a4 Rd7 21. Bg5 h6 22. Rxd7 Bxd7 23. Bh4 Bxb5 24. axb5 Bf8 25. c4 Rc8 26. Rc1 Qc5 27. h3 Qd4 28. Bg3 Be7 29. Rc2 Bg5 30. Kh2 Rc5 31. Qf3 Rc7 32. Rc3 Be7 33. Rc2 Rxc4 34. Ra2 Ra4 35. Rc2 Bc5 36. Rc1 Qe4 37. Qb3 Ra3 38. Qd1 Qd3 39. Qg4 Qxb5 40. Rd1 Be7 41. f4 Ra2 42. f5 exf5 43. Qxf5 Rxg2+ 44. Kxg2 Qe2+ 45. Bf2 Qxd1 46. e6 Bf6 47. Qb5 fxe6 48. Qe8+ Kh7 49. Qxe6 Qc2 0-1

[Event "Madrid-chT 2021"]
[Site "Madrid"]
[Date "2021.02.28"]
[Round "2.3"]
[White "Quevedo Marin, Manuel"]
[Black "Almagro Llamas, Pablo"]
[Result "0-1"]
[WhiteElo "2214"]
[BlackElo "2423"]
[PlyCount "58"]
[EventDate "2021.01.23"]
[EventType "team-tourn"]
[EventRounds "14"]
[EventCountry "ESP"]
[SourceTitle "EXT 2022"]
[Source "ChessBase"]
[SourceDate "2021.10.06"]
[SourceVersion "1"]
[SourceVersionDate "2021.10.06"]
[SourceQuality "1"]
[WhiteTeam "San Sebastian de los Reyes"]
[BlackTeam "Virgen de Atocha"]
[WhiteTeamCountry "ESP"]
[BlackTeamCountry "ESP"]

1. d4 Nf6 2. c4 e6 3. Nc3 Bb4 4. e3 0-0 5. Bd2 d5 6. Nf3 b6 7. cxd5 exd5 8. Be2 Bb7 9. 0-0 Nbd7 10. a3 Bd6 11. b4 a6 12. Qb3 Re8 13. Rfc1 Qe7 14. Rab1 b5 15. Bf1 Nb6 16. Ne2 Nc4 17. Ng3 Bc8 18. Bc3 Ng4 19. Re1 Qf6 20. e4 Bxg3 21. hxg3 Rxe4 22. Rxe4 dxe4 23. d5 Qf5 24. Bxc4 bxc4 25. Qxc4 exf3 26. Re1 Bb7 27. Bd4 c6 28. Re4 h5 29. gxf3 Ne5 0-1

[Event "De los Reyes op 21st"]
[Site "De los Reyes"]
[Date "2019.12.06"]
[Round "7"]
[White "Salvador Cabo, Cesar"]
[Black "Quevedo Marin, Manuel"]
[Result "1-0"]
[WhiteElo "1988"]
[BlackElo "2210"]
[PlyCount "109"]
[EventDate "2019.11.30"]
[EventType "swiss"]
[EventRounds "9"]
[EventCountry "ESP"]
[SourceTitle "CBM 193 Extra"]
[Source "ChessBase"]
[SourceDate "2020.01.31"]
[SourceVersion "1"]
[SourceVersionDate "2020.01.31"]
[SourceQuality "1"]

1. Nf3 d5 2. g3 g6 3. Bg2 Bg7 4. 0-0 e5 5. d3 Ne7 6. Nfd2 0-0 7. c4 Nbc6 8. Nc3 Be6 9. Qb3 dxc4 10. dxc4 Rb8 11. Rd1 Qc8 12. Nd5 Nxd5 13. cxd5 Nd4 14. Qd3 Bg4 15. Nf3 e4 16. Qxe4 Re8 17. Rxd4 Rxe4 18. Rxe4 Bf5 19. Rc4 b5 20. Rc5 Bf8 21. Rc3 b4 22. Rc4 Qa6 23. Nd2 Bh6 24. e3 b3 25. Bf1 Qa5 26. Rc3 Bg7 27. Nxb3 Qxd5 28. Rxc7 a5 29. e4 Qxe4 30. Bf4 Rc8 31. Rd1 Rxc7 32. Rd8+ Bf8 33. Bxc7 Kg7 34. Bxa5 Qb1 35. Bc3+ f6 36. Re8 Qxa2 37. Nd4 Bd7 38. Re1 Bc5 39. Nc2 Qa7 40. Ne3 Bc6 41. Bg2 Bxg2 42. Kxg2 Bd4 43. Kg1 Bxc3 44. bxc3 Qa5 45. Rc1 Qa3 46. Rc2 f5 47. c4 Qd3 48. c5 g5 49. c6 f4 50. c7 fxe3 51. c8Q e2 52. Qb7+ Kh6 53. Rc6+ Kh5 54. Qf7+ Kg4 55. h3+ 1-0

[Event "De los Reyes op 21st"]
[Site "De los Reyes"]
[Date "2019.11.30"]
[Round "1"]
[White "Quevedo Marin, Manuel"]
[Black "Perdiguero Herreros, Alejandro"]
[Result "1-0"]
[WhiteElo "2210"]
[BlackElo "1675"]
[PlyCount "89"]
[EventDate "2019.11.30"]
[EventType "swiss"]
[EventRounds "9"]
[EventCountry "ESP"]
[SourceTitle "CBM 193 Extra"]
[Source "ChessBase"]
[SourceDate "2020.01.31"]
[SourceVersion "1"]
[SourceVersionDate "2020.01.31"]
[SourceQuality "1"]

1. c4 e6 2. Nf3 Nf6 3. g3 d5 4. Bg2 c6 5. 0-0 dxc4 6. Qc2 b5 7. b3 cxb3 8. axb3 Bb7 9. Bb2 c5 10. Rd1 Nbd7 11. Nc3 Qb6 12. Nh4 Bxg2 13. Nxg2 Be7 14. Ne4 0-0 15. Ng5 h6 16. Nf3 Nd5 17. d3 Bf6 18. Nd2 Nb4 19. Qb1 Rfd8 20. Ne4 Bd4 21. Ne3 Bxe3 22. fxe3 Nd5 23. Qc1 Rac8 24. Rf1 e5 25. Rf3 Re8 26. Qf1 f6 27. Qc1 Nf8 28. Kh1 Ne6 29. Ba3 Rc7 30. h4 Rec8 31. Qf1 Rc6 32. Qh3 R8c7 33. Qg4 Kh8 34. Qh5 Kh7 35. Qf5+ g6 36. Nxf6+ Nxf6 37. Qxe5 Ng4 38. Qe4 h5 39. Raf1 Ng7 40. Rf8 Rf6 41. R1xf6 Nxf6 42. Qf3 Ng4 43. Bb2 Qb7 44. e4 Nf5 45. Rh8# 1-0

[Event "Tres Cantos op 11th"]
[Site "Tres Cantos"]
[Date "2019.06.29"]
[Round "8"]
[White "Elguezabal Selioutin, Dario"]
[Black "Quevedo Marin, Manuel"]
[Result "0-1"]
[WhiteElo "2047"]
[BlackElo "2178"]
[PlyCount "96"]
[EventDate "2019.06.22"]
[EventType "swiss"]
[EventRounds "9"]
[EventCountry "ESP"]
[SourceTitle "CBM 195 Extra"]
[Source "ChessBase"]
[SourceDate "2020.05.31"]
[SourceVersion "1"]
[SourceVersionDate "2020.05.31"]
[SourceQuality "1"]

1. d4 Nf6 2. Nf3 g6 3. Bg5 Bg7 4. Nbd2 0-0 5. c3 d6 6. e4 h6 7. Bh4 b6 8. Bc4 g5 9. Bg3 Bb7 10. e5 Nd5 11. e6 f5 12. h3 Qc8 13. 0-0 Qxe6 14. Re1 Qf7 15. Qe2 Nd7 16. Bxd5 Bxd5 17. Qxe7 Rae8 18. Qxf7+ Bxf7 19. Rxe8 Rxe8 20. a4 a5 21. Ne1 Nf6 22. f3 Re2 23. Rd1 Be8 24. Kf1 Re7 25. Ra1 Nd5 26. Bf2 Nf4 27. Bg3 Nd5 28. Bf2 Ne3+ 29. Bxe3 Rxe3 30. Nc2 Re7 31. Kf2 f4 32. b3 Bg6 33. Re1 Kf7 34. Rxe7+ Kxe7 35. Ne1 c5 36. dxc5 Bxc3 37. cxd6+ Kxd6 38. Ke2 Kc5 39. Nc4 Bxe1 40. Kxe1 Bc2 41. Ne5 Bxb3 42. Ng4 Kb4 43. Nxh6 Be6 44. Ng4 Kxa4 45. Kd2 Kb3 46. Kc1 Kc3 47. h4 gxh4 48. Ne5 Bf5 0-1

[Event "Tres Cantos op 11th"]
[Site "Tres Cantos"]
[Date "2019.06.27"]
[Round "6"]
[White "Espinosa Aranda, Angel"]
[Black "Quevedo Marin, Manuel"]
[Result "1-0"]
[WhiteElo "2483"]
[BlackElo "2178"]
[PlyCount "56"]
[EventDate "2019.06.22"]
[EventType "swiss"]
[EventRounds "9"]
[EventCountry "ESP"]
[SourceTitle "CBM 195 Extra"]
[Source "ChessBase"]
[SourceDate "2020.05.31"]
[SourceVersion "1"]
[SourceVersionDate "2020.05.31"]
[SourceQuality "1"]

1. c4 e6 2. Nf3 Nf6 3. b3 d5 4. Bb2 Be7 5. g3 dxc4 6. bxc4 b6 7. Bg2 Bb7 8. a4 0-0 9. a5 Qc8 10. 0-0 Rd8 11. d3 Nbd7 12. Qc2 Rb8 13. Nc3 c6 14. d4 Bb4 15. axb6 axb6 16. e4 Bf8 17. e5 Ne8 18. Ng5 g6 19. f4 Ng7 20. g4 Be7 21. Nce4 Ra8 22. Rxa8 Bxa8 23. Ra1 Qc7 24. Ba3 c5 25. d5 Nxe5 26. fxe5 Qxe5 27. Bb2 Qd4+ 28. Kh1 Qxc4 1-0

[Event "Tres Cantos op 11th"]
[Site "Tres Cantos"]
[Date "2019.06.25"]
[Round "4"]
[White "Sacristan Virseda, Fernando"]
[Black "Quevedo Marin, Manuel"]
[Result "0-1"]
[WhiteElo "1895"]
[BlackElo "2178"]
[PlyCount "102"]
[EventDate "2019.06.22"]
[EventType "swiss"]
[EventRounds "9"]
[EventCountry "ESP"]
[SourceTitle "CBM 195 Extra"]
[Source "ChessBase"]
[SourceDate "2020.05.31"]
[SourceVersion "1"]
[SourceVersionDate "2020.05.31"]
[SourceQuality "1"]

1. e4 e5 2. Nf3 Nc6 3. Bc4 Bc5 4. 0-0 Nf6 5. d3 0-0 6. Bg5 h6 7. Bh4 Be7 8. Re1 d6 9. h3 Na5 10. Bb5 a6 11. Ba4 b5 12. Bb3 Nxb3 13. axb3 g5 14. Bg3 g4 15. hxg4 Bxg4 16. Nbd2 Nh5 17. Bh2 Bg5 18. Nf1 Kh8 19. Ne3 Bxe3 20. Rxe3 Rg8 21. d4 f6 22. Qd2 Qf8 23. Ne1 Qg7 24. b4 Qg5 25. Rd3 Qg6 26. Qe3 Bc8 27. Rc3 Rg7 28. Kf1 Bb7 29. d5 Rf8 30. Qa7 Bc8 31. Rxc7 f5 32. Rxg7 Nxg7 33. exf5 Nxf5 34. Ra3 Nd4 35. Qe7 Re8 36. Qc7 Qf6 37. Nf3 Rf8 38. Re3 Bg4 39. c3 Bxf3 40. gxf3 Nxf3 41. Bg3 Nd2+ 42. Kg2 Nc4 43. Re1 Qf3+ 44. Kh2 Qxd5 45. Qe7 Rf7 46. Qd8+ Kh7 47. Re2 Qd3 48. Qe8 Kg7 49. Re1 Nd2 50. Bxe5+ dxe5 51. Qxe5+ Kh7 0-1

[Event "Madrid-chT 1819"]
[Site "Madrid"]
[Date "2019.02.17"]
[Round "10.3"]
[White "Garrido Olivares, Ricard"]
[Black "Quevedo Marin, Manuel"]
[Result "1/2-1/2"]
[WhiteElo "2165"]
[BlackElo "2188"]
[PlyCount "42"]
[EventDate "2018.11.17"]
[EventType "team-tourn"]
[EventRounds "14"]
[EventCountry "ESP"]
[SourceTitle "CBM 189 Extra"]
[Source "ChessBase"]
[SourceDate "2019.06.03"]
[SourceVersion "1"]
[SourceVersionDate "2019.06.03"]
[SourceQuality "1"]
[WhiteTeam "San Fernando de Henares"]
[BlackTeam "San Sebastian de los Reyes"]
[WhiteTeamCountry "ESP"]
[BlackTeamCountry "ESP"]

1. Nf3 Nf6 2. e3 g6 3. d4 Bg7 4. c4 0-0 5. Be2 b6 6. 0-0 Bb7 7. Nc3 d5 8. cxd5 Nxd5 9. Bd2 Nxc3 10. Bxc3 a5 11. Rc1 Na6 12. a3 c5 13. dxc5 Bxc3 14. Rxc3 Nxc5 15. b4 axb4 16. axb4 Na6 17. Qb1 Qd6 18. Rd1 Qf6 19. Rcc1 Rfd8 20. h3 Rxd1+ 21. Rxd1 Nc7 1/2-1/2